مكتبة جامعة عجلون الوطنية

فهرس بحث المكتبة

دليل الزراعة المائية للمبتدئين / (Record no. 33762)

MARC details
000 -LEADER
fixed length control field 00743nam a22001937a 4500
003 - CONTROL NUMBER IDENTIFIER
control field JO-AjAnu
005 - DATE AND TIME OF LATEST TRANSACTION
control field 20241019120226.0
008 - FIXED-LENGTH DATA ELEMENTS--GENERAL INFORMATION
fixed length control field 241019b jo ||||| |||| 00| 0 ara d
020 ## - INTERNATIONAL STANDARD BOOK NUMBER
International Standard Book Number 2-054-22-9923-978
040 ## - CATALOGING SOURCE
Transcribing agency JO-AjAnu
041 ## - LANGUAGE CODE
Language code of text/sound track or separate title ARA
100 #1 - MAIN ENTRY--PERSONAL NAME
Personal name المسلماني، مؤيد علي
9 (RLIN) 66323
Relator term مؤلف
245 10 - TITLE STATEMENT
Title دليل الزراعة المائية للمبتدئين /
Statement of responsibility, etc. مؤيد علي المسلماني
250 ## - EDITION STATEMENT
Edition statement الطبعة العربية الاولى
260 ## - PUBLICATION, DISTRIBUTION, ETC.
Place of publication, distribution, etc. عمان :
Name of publisher, distributor, etc. دار البيروني للنشر والتوزيع،
Date of publication, distribution, etc. 2021
300 ## - PHYSICAL DESCRIPTION
Extent 74 صفحة
650 70 - SUBJECT ADDED ENTRY--TOPICAL TERM
Topical term or geographic name entry element الزراعة المائية - الزراعة اللاترابية - تقنيات الزراعة
9 (RLIN) 66324
942 ## - ADDED ENTRY ELEMENTS (KOHA)
Source of classification or shelving scheme Library of Congress Classification
Koha item type Books
Suppress in OPAC No
Holdings
Withdrawn status Lost status Source of classification or shelving scheme Damaged status Not for loan Home library Current library Date acquired Total Checkouts Full call number Barcode Date last seen Price effective from Koha item type
    Library of Congress Classification     مكتبة جامعة عجلون الوطنية مكتبة جامعة عجلون الوطنية 19/10/2024   S495 2021 A30112 19/10/2024 19/10/2024 Books